00591nam a2200157 a 450000100100000000500170001000800410002704000250006810000270009324500370012026000550015730000200021204900090023295201750024199900170041600003293820200930065926.0110802s1940 dr 000 0 spa d aDO-SdBNPbspacBNPHU1 aHache S., Pedro95868510aPablo y margot /cPedro Hache S. aSantiago, República Dominicana :b[s.n.],c1940. a25 p. ;c17 cm. aBNPD 001050718RVaPDbPDcCTd2011-08-02iLF1l0o p32938-10r2020-06-25w2020-06-25y1zPerteneció a la biblioteca personal de Carlos Larrazábal Blanco.ZNo se presta c32429d32429